000 00571nam a2200229 a 4500
999 _c10206
_d10206
001 10206
003 BD-JhCC
005 20180421092846.0
008 180421s1963 e a|||| || | 000 0 eng d
035 _a(BD-JhCC)10206
040 _aBD-JhCC
_dBD-JhCC
041 _aeng
082 _a796.930949
_bPAU 1963
100 _aPause, Walter
245 _aSalute The Skier /
_cWalter Pause,
260 _aLondon :
_bGeorge G. Harrap & CO. Ltd,
_c1963
300 _a100 p. :
_c25 cm.
650 _aSkis and Skiing
650 _aAlps
942 _2ddc
_cBK